000 00831nam a2200181 i 4500
001 162069
003 ES-MaACL
005 20230906212424.0
008 990318s1892 sp |||| | spa d
040 _aCCPB | B
_bspa
_cCCPB | B
100 1 _aPicón, Jacinto Octavio,
_d1852-1923
_991875
245 1 0 _aNovelitas /
_cJacinto Octavio Picón.
260 _aMadrid :
_bLa España Editorial,
_c1892 (
_fImp. de J. Cruzado)
300 _a267 p. ;
_c20 cm.
752 _aEspaña -
_dMadrid
852 _aES-MaACL
_jB-2581
_z-- Enc. pasta española, conservando la cub. original
_z-- An. ms. : ded. del autor al Ateneo de Madrid
_x-- Edic.: Añadir T500 La prudente ; Confesiones ; Caso de conciencia ; La monja impía ; Un sabio ; Doña Georgia ; Virtudes premiadas ; El peor consejero ; Todos dichosos
999 _c162069
_d162069